Japanese literature in the meiji era
সংরক্ষণ করুন:
| প্রধান লেখক: | |
|---|---|
| বিন্যাস: | গ্রন্থ |
| ভাষা: | Undetermined |
| প্রকাশিত: |
Tokyo
1955
|
| বিষয়গুলি: | |
| ট্যাগগুলো: |
ট্যাগ যুক্ত করুন
কোনো ট্যাগ নেই, প্রথমজন হিসাবে ট্যাগ করুন!
|
| Thư viện lưu trữ: | Trung tâm Học liệu Trường Đại học Cần Thơ |
|---|
| LEADER | 00488nam a2200181Ia 4500 | ||
|---|---|---|---|
| 001 | CTU_113507 | ||
| 008 | 210402s9999 xx 000 0 und d | ||
| 082 | |a 895.609 | ||
| 082 | |b Y64 | ||
| 100 | |a Yoshie, Okazaki | ||
| 245 | 0 | |a Japanese literature in the meiji era | |
| 245 | 0 | |c Okazaki Yoshie | |
| 260 | |a Tokyo | ||
| 260 | |c 1955 | ||
| 650 | |a Japanese literature | ||
| 650 | |x History and criticism | ||
| 904 | |i Tuyến | ||
| 980 | |a Trung tâm Học liệu Trường Đại học Cần Thơ | ||